000 00438nam a2200169 i 4500
001 37402
003 ES-MaACL
005 20230906155552.0
007 t|
008 030221s1976 sp ||||1| spa d
100 1 _aBueso, Adolfo.
_932430
245 1 0 _aCómo fundamos la C.N.T. /
_cAdolfo Bueso.
250 _a1ª ed.
260 _a[Barcelona] :
_bAvance,
_c[1976]
300 _a136 p. ;
_c20 cm.
852 _aES-MaACL
_jA-5725
_bR.94544
999 _c37402
_d37402